Catálogo

EL ERIAL (Registro nro. 23570)

Detalles MARC
000 -LEADER
fixed length control field 00401nam a2200169 a 4500
001 - CONTROL NUMBER
control field 23570
005 - DATE AND TIME OF LATEST TRANSACTION
control field 20180713221643.0
008 - FIXED-LENGTH DATA ELEMENTS--GENERAL INFORMATION
fixed length control field 140415s1964 000 0 spa d
041 ## - LANGUAGE CODE
Language code of text/sound track or separate title spa
082 ## - DEWEY DECIMAL CLASSIFICATION NUMBER
Classification number 860
Item number VIG
100 1# - MAIN ENTRY--PERSONAL NAME
Personal name VIGIL, CONSTANCIO C.
245 13 - TITLE STATEMENT
Title EL ERIAL
250 ## - EDITION STATEMENT
Edition statement 7a ed.
260 ## - PUBLICATION, DISTRIBUTION, ETC.
Place of publication, distribution, etc. [s.l.] :
Name of publisher, distributor, etc. DIANA,
Date of publication, distribution, etc. 1964
300 ## - PHYSICAL DESCRIPTION
Extent 209
650 14 - SUBJECT ADDED ENTRY--TOPICAL TERM
Topical term or geographic name entry element LITERATURA MEXICANA
Existencias
Withdrawn status Lost status Source of classification or shelving scheme Damaged status Not for loan Collection code Home library Current library Shelving location Date acquired Source of acquisition Inventory number Total Checkouts Full call number Barcode Date last seen Date last checked out Price effective from Koha item type
    Dewey Decimal Classification     General Biblioteca Karol Wojtyla Biblioteca Karol Wojtyla Sala general 03/12/2013 Compra 151000000000000000033373   860 VIG 44411 05/01/2026 09/03/2016 03/12/2013 Libro